000 nam a22 7a 4500
999 _c329288
_d329288
003 Nust
005 20170502135728.0
008 170502b xxu||||| |||| 00| 0 eng d
040 _cDLC
082 _a307.76 ADB
245 _aPhilippines: Mindanao Basic Urban Services Sector Project
942 _2ddc
_cBK